Las Cortes de Aragón en la Edad Media / (Record no. 139071)

MARC details
000 -LEADER
campo de control de longitud fija 00579nam a2200193 4500
001 - NÚMERO DE CONTROL
campo de control 139071
003 - IDENTIFICADOR DE NÚMERO DE CONTROL
campo de control ES-MaACL
005 - FECHA Y HORA DE LA ÚLTIMA TRANSACCIÓN
campo de control 20230906195710.0
007 - CAMPO FIJO DE DESCRIPCIÓN FÍSICA--INFORMACIÓN GENERAL
campo de control de longitud fija t|
008 - DATOS DE LONGITUD FIJA--INFORMACIÓN GENERAL
campo de control de longitud fija 070214s1979 sp r ||||1| spa d
100 1# - ENTRADA PRINCIPAL--NOMBRE DE PERSONA
Nombre de persona Sarasa Sánchez, Esteban.
9 (RLIN) 103763
245 14 - MENCIÓN DEL TÍTULO
Título Las Cortes de Aragón en la Edad Media /
Mención de responsabilidad, etc. Esteban Sarasa Sánchez.
260 ## - PUBLICACIÓN, DISTRIBUCIÓN, ETC.
Lugar de publicación, distribución, etc. Zaragoza :
Nombre del editor, distribuidor, etc. Guara,
Fecha de publicación, distribución, etc. 1979.
300 ## - DESCRIPCIÓN FÍSICA
Extensión 130 p. ;
Dimensiones 20 cm.
490 1# - MENCIÓN DE SERIE
Mención de serie Col. básica aragonesa ;
Designación de volumen o secuencia 17
830 0# - PUNTO DE ACCESO ADICIONAL DE SERIE-TÍTULO UNIFORME
Título uniforme Col. básica aragonesa ;
Designación de volumen o secuencia 17
9 (RLIN) 220195
852 ## - LOCALIZACIÓN
Ubicación ES-MaACL
Número de control de estantería A-10644
Sublocalización o colección R.99651
Holdings
Estatus retirado Estado de pérdida Estado de daño No para préstamo Biblioteca de origen Biblioteca actual Ubicación en estantería Fecha de adquisición Fuente de adquisición Total de préstamos Signatura topográfica completa Código de barras Visto por última vez Precio de reemplazo Tipo de ítem Koha
        Biblioteca del Ateneo de Madrid Biblioteca del Ateneo de Madrid Depósito 1 17/01/2008     A-10644 1144723 23/02/2023 23/02/2023 Libro impreso